Danish Companies/Brands - Sudden Death - Statistics

General Stats
  • This quiz has been taken 60 times
  • The average score is 5 of 18
Answers on the Grid
Answers color-coded by a green-red scale on the quiz's grid according to % correct below.
Maersk
Haribo
EDC
Carl's Jr.
Lidl
DSV
IBM
Røde Microphones
Ritter Sport
Novo Nordisk
H&M
Zalando
Samsung
Nokia
Silvan
Georg Jensen
Ikea
Viaplay
LEGO
Subway
Toblerone
Hummel
Thansen
Ryanair
Deloitte
7/11
DSB
Sunset Boulevard
ECCO
Rexona
Bestseller
Premier Is
Redbull
Imerco
Bone's
Kinder
Apple
Just Eat
Arla
M&M's
 
Answer Stats
Answer % Correct
Maersk
84%
LEGO
66%
Novo Nordisk
50%
Georg Jensen
41%
Silvan
34%
DSV
31%
Thansen
31%
Arla
25%
Hummel
22%
DSB
19%
ECCO
16%
EDC
16%
Just Eat
16%
Premier Is
16%
Sunset Boulevard
13%
Bestseller
9%
Bone's
9%
Imerco
9%
No matching quizzes found
Score Distribution
Percent of People with Each Score
Percentile by Number Answered
Your Score History
You have not taken this quiz